[Event "Russian Higher League 2020"]
[Site "?"]
[Date "2020.10.10"]
[Round "3.11"]
[White "Riazantsev, Alexander"]
[Black "Makarian, Rudik"]
[Result "1/2-1/2"]
[WhiteElo "2638"]
[BlackElo "2441"]
[PlyCount "98"]
[EventDate "2020.??.??"]

1. d4 Nf6 2. c4 g6 3. Nc3 Bg7 4. e4 d6 5. Be2 O-O 6. Be3 Nc6 7. d5 Ne5 8. f4
Neg4 9. Bd2 Nh6 10. Nf3 c6 11. a4 e6 12. dxe6 Bxe6 13. Ng5 Re8 14. O-O Bg4 15.
Bxg4 Qb6+ 16. Kh1 Nhxg4 17. Qe2 h6 18. Nxf7 Kxf7 19. h3 Qd4 20. hxg4 Nxe4 21.
Nxe4 Qxe4 22. Qf3 Qxc4 23. f5 gxf5 24. Rac1 Qd5 25. Qxd5+ cxd5 26. Rxf5+ Ke6
27. Re1+ Be5 28. Bf4 Kd7 29. Bxe5 dxe5 30. Rexe5 Rxe5 31. Rxe5 Kd6 32. Rh5 Kc5
33. Kg1 Rg8 34. Rxh6 Rxg4 35. b3 Rg3 36. Rh3 Rg7 37. Kf2 d4 38. Rd3 Kd5 39. Kf3
Rf7+ 40. Ke2 Rg7 41. Kf3 a5 42. g4 Re7 43. Kf2 Ke4 44. Rg3 Rf7+ 45. Ke2 Rh7 46.
g5 d3+ 47. Kd2 Rh2+ 48. Kc1 Kd4 49. g6 Rh1+ 1/2-1/2

[Event "Russian Higher League 2020"]
[Site "?"]
[Date "2020.10.10"]
[Round "3.12"]
[White "Belyakov, Bogdan"]
[Black "Demchenko, Anton"]
[Result "1/2-1/2"]
[WhiteElo "2458"]
[BlackElo "2632"]
[PlyCount "84"]
[EventDate "2020.??.??"]

1. e4 c6 2. d4 d5 3. e5 Bf5 4. Nd2 e6 5. Nb3 Nd7 6. Nf3 h6 7. Be2 Ne7 8. a4 a5
9. O-O g5 10. Ne1 Rg8 11. Nd3 b6 12. Be3 Bh7 13. Rc1 Nf5 14. c4 dxc4 15. Rxc4
Rc8 16. Bd2 Nh4 17. Rc1 Be4 18. Ne1 Be7 19. Be3 Nf8 20. Nd2 Bd5 21. Nb1 Nfg6
22. Nc3 Nf4 23. Nxd5 Nxd5 24. Bd3 g4 25. Bxh6 Nf5 26. Bxf5 exf5 27. Qe2 f4 28.
Nd3 f3 29. Qe4 Rg6 30. Be3 fxg2 31. Kxg2 Bg5 32. Bxg5 Qxg5 33. Rg1 Re6 34. f4
Qh5 35. f5 Rh6 36. h4 Qxf5 37. Qxf5 Ne3+ 38. Kf2 Nxf5 39. Rxg4 Rd8 40. Rc4 Rxh4
41. Rxh4 Nxh4 42. Ke3 Nf5+ 1/2-1/2

[Event "Russian Higher League 2020"]
[Site "?"]
[Date "2020.10.10"]
[Round "3.13"]
[White "Zvjaginsev, Vadim"]
[Black "Saidov, Bilukhadzh"]
[Result "1-0"]
[WhiteElo "2617"]
[BlackElo "2259"]
[PlyCount "69"]
[EventDate "2020.??.??"]

1. e4 c5 2. Nf3 e6 3. b3 d5 4. exd5 exd5 5. Bb5+ Nc6 6. O-O Nf6 7. Ba3 Be7 8.
d4 O-O 9. Bxc5 Bxc5 10. dxc5 Bg4 11. Nc3 Ne7 12. h3 Bh5 13. Re1 Qc7 14. Na4
Rfd8 15. Be2 Ne4 16. Nd4 Bg6 17. Bf1 Rac8 18. b4 Nc6 19. a3 Qf4 20. Qf3 Qh4 21.
c3 h6 22. Qe3 Re8 23. Nxc6 bxc6 24. Qd4 Qg5 25. Ra2 Re6 26. Rae2 Bh5 27. Re3
Rf6 28. c4 Nxf2 29. cxd5 Rf4 30. Qe5 Rf5 31. Qg3 Qf6 32. d6 Qd4 33. Kh2 Bg6 34.
Nc3 h5 35. Ne4 1-0

[Event "Russian Higher League 2020"]
[Site "?"]
[Date "2020.10.10"]
[Round "3.15"]
[White "Ibadov, Dashgyn"]
[Black "Pridorozhni, Aleksei"]
[Result "0-1"]
[WhiteElo "2296"]
[BlackElo "2596"]
[PlyCount "58"]
[EventDate "2020.??.??"]

1. e4 e5 2. Nf3 Nc6 3. d4 exd4 4. Nxd4 Nf6 5. Nxc6 bxc6 6. e5 Qe7 7. Qe2 Nd5 8.
c4 Nb6 9. Nd2 a5 10. g3 a4 11. Bg2 Qe6 12. O-O Bb4 13. Ne4 Qxc4 14. Qg4 Kf8 15.
Bh6 gxh6 16. Qh4 Ba6 17. Qxh6+ Ke8 18. Rac1 Qe6 19. Nf6+ Kd8 20. Rfd1 Kc8 21.
Bh3 Qxe5 22. Nxd7 Nxd7 23. Rxd7 Kb8 24. Qxc6 Bd6 25. Bg2 Ra7 26. Qxa4 Qe6 27.
Bc6 Bb7 28. Qd4 Rf8 29. Bb5 Ra5 0-1

[Event "Russian Higher League 2020"]
[Site "?"]
[Date "2020.10.10"]
[Round "3.16"]
[White "Yuffa, Daniil"]
[Black "Gaifullin, Artur"]
[Result "1/2-1/2"]
[WhiteElo "2583"]
[BlackElo "2440"]
[PlyCount "200"]
[EventDate "2020.??.??"]

1. d4 d5 2. c4 e6 3. Nf3 Nf6 4. g3 dxc4 5. Bg2 a6 6. O-O Nc6 7. e3 Rb8 8. Qe2
b5 9. b3 cxb3 10. axb3 Bb7 11. Bd2 Be7 12. Rc1 O-O 13. Ne1 Nb4 14. Bxb4 Bxb4
15. Bxb7 Rxb7 16. Rxa6 Qd5 17. Qc2 Bxe1 18. Rxe1 b4 19. Nd2 e5 20. Qf5 Nd7 21.
Nc4 g6 22. Qg4 h5 23. Qg5 Rb5 24. dxe5 Nxe5 25. Nxe5 Qxe5 26. Qxe5 Rxe5 27. Rc6
Rd8 28. Rxc7 Rd3 29. Rb1 Rb5 30. Rb2 Kg7 31. Kg2 Rb6 32. h3 Rd1 33. Rc4 Rd3 34.
Kf3 Rd1 35. Rd4 Rc1 36. g4 hxg4+ 37. hxg4 g5 38. Ke4 Kg6 39. Kd3 Rd1+ 40. Rd2
Rc1 41. Ke4 Rcc6 42. Rc4 Rf6 43. f4 gxf4 44. exf4 Rfe6+ 45. Kf3 Re1 46. Rd3 Rb1
47. Rcd4 Kg7 48. g5 Rb5 49. Ke4 Rb8 50. Rd7 Re8+ 51. Kf5 Rc8 52. Rb7 Rc5+ 53.
Ke4 Re1+ 54. Kd4 Rc8 55. Rxb4 f5 56. gxf6+ Kxf6 57. Rc4 Rb8 58. Kc3 Kf5 59.
Rd5+ Ke6 60. Rcd4 Rc1+ 61. Kb2 Re1 62. Rd6+ Kf5 63. b4 Re3 64. R6d5+ Kf6 65.
Rc5 Re2+ 66. Kc3 Re1 67. Rdd5 Rc1+ 68. Kd2 Rf1 69. Rf5+ Ke6 70. b5 Rf3 71.
Rce5+ Kd6 72. Re3 Rf2+ 73. Kc3 Rc8+ 74. Kd4 Rc1 75. Rd5+ Kc7 76. Ke5 Rcf1 77.
Re4 Kb6 78. Rc4 Ka5 79. Kf5 Rf3 80. Re5 R3f2 81. Rd4 Rf3 82. Kg5 Rg3+ 83. Kf6
Rg4 84. Kf5 Rg2 85. Red5 Rg8 86. Ke6 Rf8 87. Rf5 Re1+ 88. Re5 Re8+ 89. Kf5 Rf8+
90. Kg4 Rg1+ 91. Kf3 Rf1+ 92. Ke3 Re1+ 93. Kd3 Rd1+ 94. Ke3 Re1+ 95. Kd2 Rxf4
96. Rxe1 Rxd4+ 97. Kc3 Rh4 98. Re5 Kb6 99. Rg5 Rf4 100. Rh5 Rg4 1/2-1/2

[Event "Russian Higher League 2020"]
[Site "?"]
[Date "2020.10.10"]
[Round "3.17"]
[White "Lintchevski, Daniil"]
[Black "Bimiev, Ahmad"]
[Result "1-0"]
[WhiteElo "2559"]
[BlackElo "2252"]
[PlyCount "79"]
[EventDate "2020.??.??"]

1. Nf3 Nf6 2. c4 c5 3. Nc3 Nc6 4. e3 e6 5. d4 d5 6. a3 cxd4 7. exd4 Be7 8. c5
Ne4 9. Qc2 Bf6 10. Bb5 Bd7 11. Be3 O-O 12. Bxc6 Bxc6 13. O-O Qc7 14. b4 Nxc3
15. Qxc3 Rfe8 16. a4 a6 17. Qb3 Rec8 18. b5 Be8 19. Bd2 axb5 20. axb5 Qd7 21.
Rab1 h6 22. Rfc1 Ra7 23. h4 Qe7 24. h5 Bd7 25. Bf4 Qe8 26. Qd3 Rca8 27. Rb3 Ra1
28. Rxa1 Rxa1+ 29. Kh2 Ra8 30. c6 Bc8 31. Qc3 Ra4 32. cxb7 Bxb7 33. Qc7 Qa8 34.
Ne5 Rxd4 35. Qxf7+ Kh7 36. Rf3 Qc8 37. Nd7 Qd8 38. Nf8+ Kh8 39. Nxe6 Qb6 40.
Qe8+ 1-0

[Event "Russian Higher League 2020"]
[Site "?"]
[Date "2020.10.10"]
[Round "3.18"]
[White "Klimentov, Evgeny"]
[Black "Sviridov, Valery"]
[Result "1/2-1/2"]
[WhiteElo "2222"]
[BlackElo "2558"]
[PlyCount "80"]
[EventDate "2020.??.??"]

1. e4 g6 2. d4 Bg7 3. Nf3 d6 4. Bc4 e6 5. O-O Ne7 6. c3 b6 7. Bb3 Bb7 8. Re1
Nd7 9. Nbd2 O-O 10. Nf1 c5 11. Ng3 cxd4 12. cxd4 Rc8 13. Bf4 e5 14. Be3 Nc6 15.
dxe5 Ncxe5 16. Nxe5 Bxe5 17. Bd4 Nc5 18. Bd5 Ba6 19. Re3 Qe7 20. Ne2 Rc7 21.
Nc3 Ne6 22. Bxe5 dxe5 23. Bxe6 Qxe6 24. Nd5 Rc4 25. Rc1 Rd4 26. Qb3 Bb7 27. Rc7
Bxd5 28. exd5 Qxd5 29. Qxd5 Rxd5 30. g3 a5 31. a4 f5 32. Rb7 Rc8 33. Rxb6 e4
34. Re2 Kg7 35. b4 axb4 36. Rxb4 Kf6 37. Kg2 Rc1 38. f3 exf3+ 39. Kxf3 Rd3+ 40.
Kg2 Ra1 1/2-1/2

[Event "Russian Higher League 2020"]
[Site "?"]
[Date "2020.10.10"]
[Round "3.19"]
[White "Ovchinnikov, Vsevolod"]
[Black "Sarana, Alexey"]
[Result "1-0"]
[WhiteElo "2349"]
[BlackElo "2657"]
[PlyCount "199"]
[EventDate "2020.??.??"]

1. d4 Nf6 2. c4 e6 3. g3 d5 4. Nf3 dxc4 5. Bg2 a6 6. Ne5 Bb4+ 7. Nc3 Nd5 8. O-O
O-O 9. Qc2 Nb6 10. Rd1 f6 11. Ng4 Bd6 12. Ne3 Nc6 13. Bxc6 bxc6 14. Ne4 Be7 15.
Nxc4 Nxc4 16. Qxc4 Qd5 17. Qc2 a5 18. Bf4 Ra7 19. a3 Bd7 20. Nc5 Bc8 21. Ne4
Qf5 22. Rac1 Rd8 23. Be3 Ra6 24. f3 Kf7 25. Rd2 Bd7 26. g4 Qg6 27. Nc5 Qxc2 28.
Rdxc2 Bxc5 29. Rxc5 Rb8 30. R1c2 a4 31. Bc1 Ke7 32. h4 Be8 33. Kf2 Kd7 34. e4
Bf7 35. Ke2 Rb3 36. Bd2 Rb5 37. Bb4 Rab6 38. Ke3 Rxc5 39. Rxc5 Rb5 40. Rc2 h5
41. g5 fxg5 42. Rg2 e5 43. dxe5 Rxe5 44. Bc3 Re8 45. Rxg5 g6 46. Kf4 Rb8 47.
Ra5 Bb3 48. Kg5 Rf8 49. Kxg6 Rxf3 50. Kxh5 Rf4 51. Kg5 Rxe4 52. h5 Bc2 53. Rf5
Re2 54. Rf7+ Kd6 55. Rf6+ Kd5 56. Rf4 Rg2+ 57. Kh6 c5 58. Rf7 c6 59. Rg7 Re2
60. Rg5+ Kc4 61. Kg7 Re7+ 62. Kf8 Re6 63. Kf7 Rd6 64. Ke7 Rd5 65. Re5 Rd1 66.
h6 Rh1 67. Re6 Kb5 68. Kf8 Rf1+ 69. Rf6 Rg1 70. Rf2 Bb1 71. Kf7 Ba2+ 72. Kf6
Bb1 73. Rh2 Bh7 74. Rh4 Rg3 75. Ke6 Re3+ 76. Be5 Re2 77. Rh2 Re1 78. Rh5 Kb6
79. Kf6 Rg1 80. Rg5 Rh1 81. Kg7 Bb1 82. Bd6 c4 83. Bc5+ Ka6 84. Bb4 Kb6 85.
Ba5+ Kb7 86. Bc3 Rd1 87. Bf6 Rd7+ 88. Kg8 Rd6 89. Rg7+ Ka6 90. Rf7 c3 91. bxc3
Ba2 92. Kg7 Bxf7 93. h7 Bb3 94. h8=Q Rd7+ 95. Kh6 Kb5 96. Qb8+ Kc4 97. Qf4+ Kc5
98. Be7+ Kb6 99. Qb8+ Ka6 100. Bc5 1-0

[Event "Russian Higher League 2020"]
[Site "?"]
[Date "2020.10.10"]
[Round "3.20"]
[White "Obgolts, Erik"]
[Black "Lobanov, Sergei"]
[Result "0-1"]
[WhiteElo "2376"]
[BlackElo "2510"]
[PlyCount "74"]
[EventDate "2020.??.??"]

1. e4 c5 2. Nf3 d6 3. Bb5+ Nc6 4. O-O Bd7 5. Re1 Nf6 6. c3 a6 7. Bc4 Bg4 8. d4
Bxf3 9. gxf3 e6 10. d5 Ne5 11. Bf1 g5 12. Nd2 Rg8 13. Kh1 Nh5 14. dxe6 fxe6 15.
Nc4 Qf6 16. Nxe5 Qxe5 17. Qb3 O-O-O 18. Bd2 Rg6 19. Qb6 Rd7 20. Qa7 Kd8 21.
Qb8+ Ke7 22. c4 g4 23. Bg2 Nf4 24. Bxf4 Qxf4 25. Re3 Rh6 26. Kg1 Qxh2+ 27. Kf1
g3 28. fxg3 Qxg3 29. e5 Rg6 30. Re2 Bg7 31. exd6+ Kf7 32. Qc8 Qxd6 33. Rae1 Bd4
34. Re4 Rc7 35. Rxd4 cxd4 36. Qh8 Qh2 37. Re2 Rxc4 0-1

[Event "Russian Higher League 2020"]
[Site "?"]
[Date "2020.10.10"]
[Round "3.21"]
[White "Nesterov, Arseniy"]
[Black "Tugarin, Anton"]
[Result "1-0"]
[WhiteElo "2510"]
[BlackElo "2224"]
[PlyCount "97"]
[EventDate "2020.??.??"]

1. d4 Nf6 2. c4 g6 3. Nc3 d5 4. cxd5 Nxd5 5. e4 Nxc3 6. bxc3 Bg7 7. Qa4+ Nd7 8.
Nf3 O-O 9. Be2 c5 10. O-O cxd4 11. cxd4 Nb6 12. Qa3 Bg4 13. Rd1 Bxf3 14. gxf3
e6 15. Be3 Qh4 16. Qb3 Bh6 17. a4 Bxe3 18. fxe3 Rac8 19. a5 Nd7 20. e5 Rc7 21.
Rac1 Rfc8 22. Rxc7 Rxc7 23. f4 Qd8 24. d5 exd5 25. Qxd5 Qe7 26. Qd6 Nf8 27. Bf3
Ne6 28. Qxe7 Rxe7 29. Rb1 Nc5 30. Rb5 Rc7 31. Bd5 Kf8 32. Kf2 Nd3+ 33. Kf3 Rc5
34. Rxc5 Nxc5 35. Bc4 Ke7 36. e4 Ne6 37. f5 Nd4+ 38. Ke3 Nc6 39. f6+ Kf8 40. e6
fxe6 41. Bxe6 Nxa5 42. e5 Nc6 43. Ke4 a5 44. Bb3 b5 45. e6 a4 46. Bd5 Ne7 47.
fxe7+ Kxe7 48. Ke5 b4 49. Bc6 1-0

[Event "Russian Higher League 2020"]
[Site "?"]
[Date "2020.10.10"]
[Round "3.22"]
[White "Murzin, Volodar"]
[Black "Rodchenkov, Vitaly"]
[Result "1-0"]
[WhiteElo "2465"]
[BlackElo "2321"]
[PlyCount "109"]
[EventDate "2020.??.??"]

1. e4 c5 2. Nf3 e6 3. g3 Nc6 4. Bg2 Nf6 5. Qe2 g6 6. O-O Bg7 7. c3 O-O 8. d4 d5
9. e5 Nd7 10. Rd1 b6 11. Bg5 Qc7 12. Na3 a6 13. Bf4 Bb7 14. Nc2 h6 15. h4 Qd8
16. Ne3 cxd4 17. cxd4 f6 18. exf6 Nxf6 19. Ne5 Nxe5 20. Bxe5 Qd7 21. Rac1 Rac8
22. Rc2 Rxc2 23. Qxc2 Qf7 24. Qd2 Kh7 25. Rc1 Rc8 26. Rxc8 Bxc8 27. Qb4 b5 28.
Qc5 Bb7 29. Qa7 h5 30. Bf4 Qd7 31. Bh3 Bc8 32. Qb6 Ne4 33. Nc2 Qf7 34. Bf1 Bh6
35. Qc7 Qxc7 36. Bxc7 Bc1 37. b3 Bd2 38. Bd3 Bh6 39. f3 Nf6 40. Kf2 Bf8 41. Ne1
Bg7 42. Be5 Nd7 43. Bxg7 Kxg7 44. Nc2 e5 45. Ke3 Kf6 46. dxe5+ Nxe5 47. Be2 Ke7
48. Nd4 Bd7 49. Kf4 Kf6 50. g4 hxg4 51. fxg4 Nf7 52. g5+ Kg7 53. Bd3 Bh3 54.
Nc6 Bg2 55. Ne7 1-0

[Event "Russian Higher League 2020"]
[Site "?"]
[Date "2020.10.10"]
[Round "3.23"]
[White "Lugovskoy, Maxim"]
[Black "Kardashevskiy, Evgeny"]
[Result "1-0"]
[WhiteElo "2420"]
[BlackElo "2449"]
[PlyCount "61"]
[EventDate "2020.??.??"]

1. e4 e5 2. Nf3 Nf6 3. Nc3 Nc6 4. d4 exd4 5. Nxd4 Bb4 6. Nxc6 bxc6 7. Bd3 d5 8.
exd5 cxd5 9. O-O O-O 10. h3 c5 11. Qf3 Be6 12. Rd1 Qe7 13. Bg5 Bxc3 14. bxc3 c4
15. Bxh7+ Kxh7 16. Rd4 Rh8 17. Rf4 Kg8 18. Re1 Qd6 19. Rxf6 gxf6 20. Qxf6 Rh7
21. Re3 Rg7 22. Rg3 Qf8 23. Bh6 Rxg3 24. fxg3 Qxh6 25. Qxh6 Rb8 26. h4 a5 27.
h5 a4 28. a3 Rc8 29. g4 d4 30. cxd4 c3 31. d5 1-0

[Event "Russian Higher League 2020"]
[Site "?"]
[Date "2020.10.10"]
[Round "3.24"]
[White "Pogosyan, Stefan"]
[Black "Sergeyev, Alexander"]
[Result "1-0"]
[WhiteElo "2442"]
[BlackElo "2374"]
[PlyCount "63"]
[EventDate "2020.??.??"]

1. d4 d5 2. c4 c6 3. Nf3 Nf6 4. Qc2 dxc4 5. Qxc4 b5 6. Qc2 Bb7 7. e4 e6 8. Bg5
Nbd7 9. Nbd2 h6 10. Bh4 Qb6 11. a4 Bb4 12. Bxf6 Nxf6 13. Bd3 O-O 14. O-O Rac8
15. Nb3 a5 16. Nc5 Rfd8 17. Rfc1 Nd7 18. Nxb7 Qxb7 19. axb5 cxb5 20. Qe2 Rxc1+
21. Rxc1 Rb8 22. e5 Be7 23. Be4 Qb6 24. Rc6 Qd8 25. d5 exd5 26. Bxd5 Nc5 27.
Ba2 Rb6 28. Rxb6 Qxb6 29. Nd4 b4 30. Qf3 Qg6 31. Nf5 Bf8 32. Nh4 1-0

[Event "Russian Higher League 2020"]
[Site "?"]
[Date "2020.10.10"]
[Round "3.25"]
[White "Stukan, Martin"]
[Black "Rodin, Dmitrij"]
[Result "1/2-1/2"]
[WhiteElo "2316"]
[BlackElo "2388"]
[PlyCount "123"]
[EventDate "2020.??.??"]

1. e4 c5 2. Nf3 d6 3. d4 cxd4 4. Nxd4 Nf6 5. Nc3 a6 6. h3 g6 7. g4 Bg7 8. Bg2
O-O 9. Be3 Nc6 10. Qd2 Bd7 11. O-O-O Rc8 12. Kb1 b5 13. b3 Qc7 14. g5 b4 15.
Nce2 Nh5 16. Bf3 Nxd4 17. Nxd4 Nf4 18. Bxf4 Bxd4 19. Qxd4 e5 20. Qb2 exf4 21.
h4 Qb6 22. Qd4 Qa5 23. Rd2 Be6 24. h5 Qxg5 25. hxg6 fxg6 26. Qxb4 a5 27. Qxd6
Bf7 28. Rhd1 Rfe8 29. Qd4 h5 30. Be2 h4 31. Bf1 f3 32. Bh3 Rc5 33. Rd3 Rce5 34.
Rxf3 Rxe4 35. Qd7 R4e7 36. Qd2 Qh5 37. Rf4 Re2 38. Qd4 g5 39. Bg4 Qg6 40. Bxe2
Rxe2 41. Qd8+ Re8 42. Rf6 Rxd8 43. Rxg6+ Bxg6 44. Rxd8+ Kg7 45. Rd1 Be4 46. Re1
Bf3 47. c3 h3 48. b4 h2 49. Kc2 axb4 50. cxb4 h1=Q 51. Rxh1 Bxh1 52. Kd3 Kf6
53. a4 Ke5 54. Ke3 Bd5 55. b5 Bc4 56. Kf3 Kf5 57. Ke3 Ke5 58. Kf3 Be6 59. a5
Bd7 60. a6 Bxb5 61. Kg4 Kf6 62. f4 1/2-1/2

[Event "Russian Higher League 2020"]
[Site "?"]
[Date "2020.10.11"]
[Round "4.2"]
[White "Rakhmanov, Aleksandr"]
[Black "Goganov, Aleksey"]
[Result "1/2-1/2"]
[WhiteElo "2646"]
[BlackElo "2573"]
[PlyCount "80"]
[EventDate "2020.??.??"]

1. c4 c5 2. Nf3 Nf6 3. Nc3 Nc6 4. g3 d5 5. d4 e6 6. cxd5 Nxd5 7. Bg2 cxd4 8.
Nxd4 Nxc3 9. bxc3 Nxd4 10. Qxd4 Qxd4 11. cxd4 Bd6 12. O-O Rb8 13. Bb2 O-O 14.
f4 Bd7 15. d5 Rfe8 16. Bd4 b6 17. Bh3 Rbd8 18. dxe6 Bxe6 19. Bxe6 Rxe6 20. e3
Ba3 21. Rfb1 Rc6 22. Rb3 Bc5 23. Bxc5 Rxc5 24. Rb2 Kf8 25. Kf2 Ke7 26. Kf3 Rd3
27. Re1 Kd6 28. Ree2 b5 29. Red2 Rxd2 30. Rxd2+ Rd5 31. Rc2 Rd3 32. Ke4 Ra3 33.
g4 a5 34. h4 b4 35. h5 a4 36. Kd4 h6 37. g5 b3 38. axb3 Rxb3 39. gxh6 gxh6 40.
Rc8 Rb4+ 1/2-1/2

[Event "Russian Higher League 2020"]
[Site "?"]
[Date "2020.10.11"]
[Round "4.3"]
[White "Ponkratov, Pavel"]
[Black "Antipov, Mikhail Al"]
[Result "1/2-1/2"]
[WhiteElo "2628"]
[BlackElo "2591"]
[PlyCount "81"]
[EventDate "2020.??.??"]

1. d4 Nf6 2. c4 g6 3. f3 c5 4. d5 Bg7 5. e4 d6 6. Nc3 e6 7. Nge2 exd5 8. cxd5
Nbd7 9. Ng3 h5 10. Be2 Nh7 11. f4 O-O 12. Bf3 a6 13. a4 Qh4 14. O-O Bd4+ 15.
Kh1 Ndf6 16. Qe1 Ng4 17. Bxg4 Bxg4 18. Be3 f5 19. Qf2 Bxc3 20. bxc3 fxe4 21.
Rab1 b5 22. axb5 axb5 23. Rxb5 Bd7 24. Rb6 Qe7 25. h3 Rfb8 26. Rxb8+ Rxb8 27.
Re1 Nf6 28. c4 h4 29. Nf1 Nh5 30. Qc2 Ng3+ 31. Nxg3 hxg3 32. Bc1 Qf6 33. Qd2
Qd4 34. f5 Qf2 35. Rg1 Qxd2 36. Bxd2 Bxf5 37. Bf4 Rb3 38. Re1 e3 39. Bxg3 e2
40. Bxd6 Bd3 41. Bxc5 1/2-1/2

[Event "Russian Higher League 2020"]
[Site "?"]
[Date "2020.10.11"]
[Round "4.4"]
[White "Khismatullin, Denis"]
[Black "Artemiev, Vladislav"]
[Result "1/2-1/2"]
[WhiteElo "2604"]
[BlackElo "2716"]
[PlyCount "96"]
[EventDate "2020.??.??"]

1. d4 d5 2. c4 c6 3. Nf3 Nf6 4. Nc3 e6 5. Bg5 Nbd7 6. e3 Be7 7. Rc1 h6 8. Bf4
O-O 9. g4 dxc4 10. Bxc4 b5 11. Bb3 b4 12. Na4 Nd5 13. h4 Nxf4 14. exf4 Qc7 15.
Ne5 Nxe5 16. fxe5 Rd8 17. g5 Qd7 18. gxh6 Qxd4 19. Qxd4 Rxd4 20. Rg1 g6 21. h5
Ba6 22. Nc5 Bxc5 23. Rxc5 Rad8 24. f3 Rd2 25. Rc2 Rd1+ 26. Kf2 Rxg1 27. Kxg1
gxh5 28. Rxc6 Bb7 29. Rc7 Bd5 30. Bc2 Bxf3 31. Kf2 Bg4 32. h7+ Kg7 33. Kg3 Bf5
34. Bxf5 exf5 35. Kh4 Kg6 36. Rxa7 Rd4+ 37. Kg3 Kxh7 38. e6 Re4 39. exf7 Kg7
40. a3 Rg4+ 41. Kh3 bxa3 42. bxa3 f4 43. Ra5 Kxf7 44. Rxh5 Rg3+ 45. Kh2 Ke6 46.
a4 Rg8 47. Rb5 f3 48. Rb3 f2 1/2-1/2

[Event "Russian Higher League 2020"]
[Site "?"]
[Date "2020.10.11"]
[Round "4.5"]
[White "Esipenko, Andrey"]
[Black "Sakaev, Konstantin"]
[Result "1/2-1/2"]
[WhiteElo "2682"]
[BlackElo "2596"]
[PlyCount "73"]
[EventDate "2020.??.??"]

1. e4 c5 2. Nf3 d6 3. d4 cxd4 4. Nxd4 Nf6 5. Nc3 a6 6. f4 e5 7. Nf3 Nbd7 8. a4
Qc7 9. Bd3 Be7 10. O-O O-O 11. Qe2 Nc5 12. f5 Bd7 13. Bg5 Bc6 14. Kh1 Nxd3 15.
cxd3 b5 16. axb5 axb5 17. Rac1 Qb7 18. Nd1 Rfc8 19. Ne3 Be8 20. Rcd1 Bc6 21.
Bxf6 Bxf6 22. Ng4 Qe7 23. h3 Bb7 24. Qe3 d5 25. Rc1 dxe4 26. dxe4 h6 27. Qe2
Rxc1 28. Rxc1 Bg5 29. Rd1 Qb4 30. Nxg5 hxg5 31. Nf2 f6 32. Kh2 Bc6 33. Rc1 Qd6
34. Rd1 Qb4 35. Rc1 Qd6 36. Rd1 Qb4 37. Rc1 1/2-1/2

[Event "Russian Higher League 2020"]
[Site "?"]
[Date "2020.10.11"]
[Round "4.6"]
[White "Predke, Alexandr"]
[Black "Lysyj, Igor"]
[Result "1/2-1/2"]
[WhiteElo "2676"]
[BlackElo "2593"]
[PlyCount "53"]
[EventDate "2020.??.??"]

1. d4 Nf6 2. c4 e6 3. Nc3 Bb4 4. f3 d5 5. a3 Bxc3+ 6. bxc3 c5 7. cxd5 Nxd5 8.
dxc5 Qa5 9. e4 Nf6 10. Be3 O-O 11. Qb3 Nfd7 12. a4 Qc7 13. Qa3 b6 14. cxb6 axb6
15. Bb5 Ba6 16. c4 Ne5 17. Ne2 Nxc4 18. Bxc4 Qxc4 19. Nf4 Bb5 20. Kf2 Rxa4 21.
Qb2 Nc6 22. Rxa4 Qxa4 23. Ra1 Qc4 24. Rc1 Qa4 25. Ra1 Qc4 26. Rc1 Qa4 27. Ra1
1/2-1/2

[Event "Russian Higher League 2020"]
[Site "?"]
[Date "2020.10.11"]
[Round "4.7"]
[White "Sjugirov, Sanan"]
[Black "Lintchevski, Daniil"]
[Result "1/2-1/2"]
[WhiteElo "2675"]
[BlackElo "2559"]
[PlyCount "111"]
[EventDate "2020.??.??"]

1. e4 e6 2. d4 d5 3. Nc3 dxe4 4. Nxe4 Nd7 5. Nf3 Ngf6 6. Nxf6+ Nxf6 7. Bg5 h6
8. Be3 Nd5 9. Bd2 c5 10. Bb5+ Bd7 11. Bxd7+ Qxd7 12. c4 Nb6 13. Rc1 Be7 14.
dxc5 Bxc5 15. b4 Be7 16. c5 Nd5 17. Ne5 Qc7 18. Qa4+ Kf8 19. Nf3 Bg5 20. O-O
Bxd2 21. Nxd2 Nf4 22. Rc4 Rd8 23. Nf3 a6 24. b5 axb5 25. Qxb5 Kg8 26. Rb4 Nd3
27. Qxb7 Qxb7 28. Rxb7 Nxc5 29. Rc7 Rd5 30. Rb1 Kh7 31. Rxf7 Ra8 32. h3 Rxa2
33. Re1 Ra6 34. Ne5 Rad6 35. Re3 Rd8 36. Rc7 Nd7 37. Nxd7 R8xd7 38. Rxd7 Rxd7
39. Rxe6 h5 40. Re5 g6 41. g3 Kg7 42. Kg2 Ra7 43. g4 hxg4 44. hxg4 Kf6 45. f4
Ra3 46. Kf2 Ra2+ 47. Kf3 Ra3+ 48. Re3 Ra1 49. g5+ Kf7 50. Rc3 Ra7 51. Rc5 Kg7
52. Ke4 Re7+ 53. Kd5 Rf7 54. Rc4 Rf5+ 55. Ke6 Kg8 56. Kd6 1/2-1/2

[Event "Russian Higher League 2020"]
[Site "?"]
[Date "2020.10.11"]
[Round "4.8"]
[White "Pridorozhni, Aleksei"]
[Black "Paravyan, David"]
[Result "1-0"]
[WhiteElo "2596"]
[BlackElo "2653"]
[PlyCount "117"]
[EventDate "2020.??.??"]

1. e4 e5 2. Nf3 Nf6 3. Nxe5 d6 4. Nf3 Nxe4 5. Qe2 Qe7 6. d3 Nf6 7. Bg5 Qxe2+ 8.
Bxe2 Be7 9. c4 Nc6 10. Nc3 Bf5 11. d4 Ne4 12. Bxe7 Nxc3 13. bxc3 Kxe7 14. Nd2
Rhe8 15. Nf1 Na5 16. Ne3 Be6 17. h4 f5 18. g3 Kf6 19. Kd2 c6 20. h5 g5 21. hxg6
hxg6 22. Rh7 Rh8 23. Rah1 Rxh7 24. Rxh7 Rd8 25. f4 Rd7 26. Rh8 b6 27. d5 Bf7
28. Ra8 Rc7 29. Bf3 cxd5 30. cxd5 b5 31. Be2 Nc4+ 32. Bxc4 bxc4 33. a4 Rb7 34.
a5 Rb2+ 35. Kd1 Rb1+ 36. Kc2 Rb5 37. Rxa7 Bxd5 38. Kd2 Ke6 39. Nc2 Rb1 40. a6
Be4 41. Nd4+ Kf6 42. Rd7 Rb6 43. a7 Bg2 44. Nc6 Bxc6 45. Rxd6+ Ke7 46. Rxc6
Rb2+ 47. Ke3 Ra2 48. Rxg6 Kf7 49. Rh6 Kg7 50. Rc6 Rxa7 51. Rxc4 Re7+ 52. Kd3
Re1 53. Rc5 Rg1 54. Rxf5 Rxg3+ 55. Kd4 Rf3 56. c4 Kg6 57. Re5 Rxf4+ 58. Kd5 Kf6
59. Re1 1-0

[Event "Russian Higher League 2020"]
[Site "?"]
[Date "2020.10.11"]
[Round "4.9"]
[White "Alekseev, Evgeny"]
[Black "Ovchinnikov, Vsevolod"]
[Result "1-0"]
[WhiteElo "2626"]
[BlackElo "2349"]
[PlyCount "83"]
[EventDate "2020.??.??"]

1. c4 Nf6 2. Nc3 c5 3. Nf3 e6 4. e3 Nc6 5. Be2 d5 6. cxd5 exd5 7. d4 Be7 8.
dxc5 Bxc5 9. O-O O-O 10. b3 Be6 11. Bb2 Qe7 12. Na4 Bd6 13. Nd4 Ne4 14. Nb5 Bb8
15. g3 Rd8 16. Rc1 Bh3 17. Re1 Be5 18. Bxe5 Qxe5 19. Nd4 Qf6 20. f3 Nxd4 21.
Qxd4 Qxd4 22. exd4 Nd6 23. g4 h5 24. Nc3 hxg4 25. fxg4 f5 26. Nxd5 Bxg4 27.
Bxg4 fxg4 28. Ne7+ Kh7 29. Rc7 Nf7 30. d5 Nh6 31. Rxb7 Re8 32. d6 Nf5 33. Re5
Nxe7 34. Rexe7 Rxe7 35. dxe7 a5 36. Kg2 Kg6 37. Ra7 Re8 38. Kg3 Kf7 39. Kxg4
Rc8 40. Rxa5 Kxe7 41. a4 Rc3 42. Rb5 1-0

[Event "Russian Higher League 2020"]
[Site "?"]
[Date "2020.10.11"]
[Round "4.10"]
[White "Goryachkina, Aleksandra"]
[Black "Zvjaginsev, Vadim"]
[Result "1/2-1/2"]
[WhiteElo "2582"]
[BlackElo "2617"]
[PlyCount "145"]
[EventDate "2020.??.??"]

1. d4 Nf6 2. c4 e6 3. g3 Bb4+ 4. Nd2 c5 5. a3 Bxd2+ 6. Qxd2 cxd4 7. Nf3 b6 8.
b4 Bb7 9. Qxd4 d5 10. cxd5 Qxd5 11. Bb2 Qxd4 12. Bxd4 Bd5 13. Bg2 Nc6 14. O-O
Nxd4 15. Nxd4 O-O-O 16. Rac1+ Kb8 17. Bxd5 Rxd5 18. Nc6+ Kb7 19. Rc2 Re8 20.
Rfc1 e5 21. a4 a6 22. Rc4 e4 23. e3 Rd7 24. b5 a5 25. h3 h5 26. Kf1 Nh7 27. Nd4
Ng5 28. h4 Ne6 29. Nxe6 Rxe6 30. Ke2 f5 31. Rd1 Rxd1 32. Kxd1 Rd6+ 33. Ke2 Rg6
34. Rc3 Kb8 35. Rc4 Kb7 36. Rd4 Kc7 37. Rd5 Rf6 38. f3 Rg6 39. Rxf5 Rxg3 40.
fxe4 Rg2+ 41. Kf3 Ra2 42. Rxh5 Rxa4 43. Rg5 Ra1 44. e5 Kd7 45. Rxg7+ Ke6 46.
Kf4 Rh1 47. Rg6+ Kd5 48. Rd6+ Kc5 49. Kg5 a4 50. Rd3 Rg1+ 51. Kf5 Rf1+ 52. Ke4
Rh1 53. e6 Rxh4+ 54. Kf5 Rh7 55. Kg6 Rh4 56. Rd4 Rh3 57. Re4 Rg3+ 58. Kf5 Rf3+
59. Kg4 Rf8 60. e7 Re8 61. Kf5 a3 62. Ke6 Kxb5 63. Rf4 a2 64. Rf1 Ka4 65. Kd7
Rb8 66. e8=Q Rxe8 67. Kxe8 b5 68. Rf7 Kb3 69. Ra7 Kb2 70. e4 b4 71. e5 b3 72.
e6 a1=Q 73. Rxa1 1/2-1/2